000 00768nas a2200241 4500
001 BR2014004702
003 BR-BrBNA
005 20231205124320.0
007 ta
008 230509b bl.|||p| |||| 00| 00por d
040 _aBR-BrBNA
_bpor
_cBiblioteca Nacional de Agricultura
041 _a(Pt)
072 _aF70
100 1 _aFarias, R.R.S. de
100 1 _aCastro, A.A.J.F.
245 1 _aFitossociologia de trechos da vegetação do complexo de Campo Maior, Campo Maior, PI, Brasil
650 _aVEGETAÇÃO
650 _aCOMPOSIÇÃO BOTÂNICA
650 _aTEMPERATURA
773 0 _tActa Botanica Brasilica (Brazil)
_xISSN 0102-3306
_g(Oct-Dec 2004), v. 18(4) p. 949-963
_wBR2014004702
909 _a202311
_bLúcia
_c55
_dLúcia Elande
942 _2AGRIS
_n0
_cANA
999 _c238444
_d238444